guess the U.S. State Based off of Oldest City - Statistics

General Stats
  • This quiz has been taken 26 times
  • The average score is 36 of 50
Answer Stats
Settlement Date City Answer % Correct
1620 Plymouth Massachusetts
100%
1607 Santa Fe New Mexico
100%
1614 Albany New York
100%
1702 Mobile Alabama
96%
1733 Savannah Georgia
96%
1649 Annapolis Maryland
96%
1681 Philadelphia Pennsylvania
96%
1636 Providence Rhode Island
96%
1670 Charleston South Carolina
96%
1792 Kodiak Alaska
91%
1775 Tucson Arizona
91%
1769 San Diego California
91%
1565 St. Augustine Florida
91%
1680 Peoria Illinois
91%
1668 Sault Ste. Marie Michigan
91%
1631 Lewes Delaware
87%
1822 Hilo Hawaii
87%
1632 Williamsburg Virginia
87%
1634 Green Bay Wisconsin
87%
1867 Cheyenne Wyoming
87%
1623 Kitery Maine
83%
1623 Dover New Hampshire
83%
1846 Ogden Utah
83%
1833 Dubuque Iowa
78%
1827 Leavenworth Kansas
70%
1705 Bath North Carolina
70%
1811 Astoria Oregon
70%
1716 Natchez Mississippi
65%
1832 Fort Pierre South Dakota
65%
1789 Georgetown Arkansas
61%
1633 Windsor Connecticut
61%
1822 Bellevue Nebraska
61%
1851 Steilacoom Washington
61%
1734 Shepherdstown West Virginia
61%
1732 Vincennes Indiana
57%
1714 Natchitoches Louisiana
57%
1627 Gloucester City New Jersey
57%
1797 Pembina North Dakota
57%
1779 Jonesborough Tennessee
57%
1779 Nacogdoches Texas
57%
1774 Harrodsburg Kentucky
52%
1788 Marrietta Ohio
52%
1735 Westminster Vermont
52%
1826 Wabasha Minnesota
48%
1841 Stevensville Montana
48%
1851 San Luis Colorado
43%
1860 Franklin Idaho
43%
1735 Ste. Genevieve Missouri
43%
1851 Genoa Nevada
43%
1824 Fort Gibson Oklahoma
43%
No matching quizzes found
Score Distribution
Percent of People with Each Score
Percentile by Number Answered
Your Score History
You have not taken this quiz